书目信息 |
| 题名: |
建设工程监理概论
|
|
| 作者: | 徐继承 , 李露 , 郝洪涛 主编 | |
| 分册: | ||
| 出版信息: | 延吉 延边大学出版社 2019.05 |
|
| 页数: | 163页 | |
| 开本: | 26cm | |
| 丛书名: | ||
| 单 册: | ||
| 中图分类: | TU712.2 | |
| 科图分类: | ||
| 主题词: | 建筑工程--jian zhu gong cheng--监理工作--概论 | |
| 电子资源: | ||
| ISBN: | 978-7-5688-6818-1 | |
| 000 | 00898nam0 2200265 450 | |
| 001 | 202019137623 | |
| 005 | 20191026133321.0 | |
| 010 | @a978-7-5688-6818-1@dCNY41.00 | |
| 100 | @a20191023d2019 em y0chiy50 ea | |
| 101 | 0 | @achi |
| 102 | @aCN@b220000 | |
| 105 | @aa a 000yy | |
| 106 | @ar | |
| 200 | 1 | @a建设工程监理概论@Ajian she gong cheng jian li gai lun@f徐继承, 李露, 郝洪涛主编 |
| 210 | @a延吉@c延边大学出版社@d2019.05 | |
| 215 | @a163页@c图@d26cm | |
| 320 | @a有书目 (第163页) | |
| 330 | @a本书主要内容包括: 建设工程监理相关概念 ; 施工现场监理的投资控制 ; 施工现场监理的质量控制 ; 施工现场监理的进度控制。 | |
| 606 | 0 | @a建筑工程@Ajian zhu gong cheng@x监理工作@x概论 |
| 690 | @aTU712.2@v5 | |
| 701 | 0 | @a徐继承@Axu ji cheng@4主编 |
| 701 | 0 | @a李露@Ali lu@4主编 |
| 701 | 0 | @a郝洪涛@Ahao hong tao@4主编 |
| 801 | 0 | @aCN@c20190905 |
| 905 | @a河南城建学院图书馆@dTU712.2@eX730 | |
| 建设工程监理概论/徐继承, 李露, 郝洪涛主编.-延吉:延边大学出版社,2019.05 |
| 163页:图;26cm |
| ISBN 978-7-5688-6818-1:CNY41.00 |
| 本书主要内容包括: 建设工程监理相关概念 ; 施工现场监理的投资控制 ; 施工现场监理的质量控制 ; 施工现场监理的进度控制。 |
| ● |
| 相关链接 |
|
|
|
正题名:建设工程监理概论
索取号:TU712.2/X730
 
预约/预借
| 序号 | 登录号 | 条形码 | 馆藏地/架位号 | 状态 | 备注 |
| 1 | 1446428 | 214464284 | 建筑库201/201建筑库 23排4列5层/ [索取号:TU712.2/X730] | 在馆 | |
| 2 | 1446429 | 214464293 | 建筑库201/201建筑库 23排4列5层/ [索取号:TU712.2/X730] | 在馆 |